|
|
|
|
| LEADER |
02025njm a2200421 a 4500 |
| 001 |
000927070 |
| 003 |
CZ BrMZK |
| 005 |
20160809151257.0 |
| 007 |
sd fsngnnmmned |
| 008 |
090115s2008 xr snn g ef d |
| 024 |
3 |
|
|a 8590236040328
|
| 028 |
3 |
1 |
|a CR0403-2
|b Radioservis
|
| 040 |
|
|
|a BOA001
|b cze
|
| 041 |
0 |
|
|g eng
|g cze
|g jpn
|
| 048 |
|
|
|a ka01
|b sa01
|
| 072 |
|
7 |
|a 785
|x Instrumentální hudba. Symfonická hudba. Hudba pro více nástrojů
|2 Konspekt
|9 9
|
| 080 |
|
|
|a 787.1.082.2
|2 MRF
|
| 080 |
|
|
|a (086.76)
|2 MRF
|
| 245 |
0 |
0 |
|a Sonatas for violin and piano
|h [hudebnina] /
|c Mozart ; Saint-Saëns ; Grieg
|
| 260 |
|
|
|a Prague :
|b Radioservis ,
|c p2008
|
| 300 |
|
|
|a 1 zvuková deska (61:55) :
|b digital, stereo ;
|c 12 cm +
|e 1 brožura
|
| 306 |
|
|
|a 010155
|
| 500 |
|
|
|a Kompaktní deska (DDD)
|
| 500 |
|
|
|a Poznámka v brožuře Vít Roubíček anglicky, česky a japonsky
|
| 505 |
0 |
0 |
|t Sonáta č. 21 e moll pro klavír a housle, K. 304 /
|r Wolfgang Amadeus Mozart --
|t Sonáta č. 1 d moll pro housle a klavír, op. 75 /
|r Camille saint-Saëns --
|t Sonáta č. 3 c moll pro housle a klavír, op. 45 /
|r Edvard Hagerup Grieg
|
| 511 |
0 |
|
|a František Novotný, housle ; Rumi Itoh, klavír
|
| 518 |
|
|
|a Nahráno ve studiu č. 1 Českého rozhlasu v Praze-Vinohradech ve dnech 25.-28. září 2006
|
| 650 |
0 |
7 |
|a sonáty (housle, klavír)
|7 ph452687
|2 czenas
|
| 655 |
|
7 |
|a kompaktní desky
|7 fd201991
|2 czenas
|
| 700 |
1 |
2 |
|a Mozart, Wolfgang Amadeus,
|d 1756-1791.
|t Sonáty,
|m housle, klavír,
|n K. 304,
|r e moll
|7 aun2009495159
|
| 700 |
1 |
2 |
|a Saint-Saëns, Camille,
|d 1835-1921.
|t Sonáty,
|m housle, klavír,
|n č. 1, op. 75,
|r d moll
|7 aun2009495163
|
| 700 |
1 |
2 |
|a Grieg, Edvard,
|d 1843-1907.
|t Sonáty,
|m housle, klavír,
|n č. 3, op. 45,
|r c moll
|7 aun2009495164
|
| 700 |
1 |
|
|a Itoh, Rumi
|4 itr
|
| 700 |
1 |
|
|a Novotný, František,
|d 1964-
|7 ola2002150074
|4 itr
|
| 910 |
|
|
|a BOA001
|b CD-0014.993
|
| 990 |
|
|
|a AV
|
| 991 |
|
|
|b 200901
|
| 996 |
6 |
|
|b 261H016650
|c CD-0014.993
|l MZK
|r Sklad / do 24 hodin
|n 7
|w 000927070
|u 000010
|a 1
|e BOA001
|j MZK50
|s P
|